Story starters: stories about animals / (Record no. 103091)
[ view plain ]
| 000 -LEADER | |
|---|---|
| fixed length control field | 00871nam a2200193 a 4500 |
| 005 - DATE AND TIME OF LATEST TRANSACTION | |
| control field | 20140412111250.0 |
| 008 - FIXED-LENGTH DATA ELEMENTS--GENERAL INFORMATION | |
| fixed length control field | 010326s19uu xx 00 eng d |
| 020 ## - INTERNATIONAL STANDARD BOOK NUMBER | |
| International Standard Book Number | 1-56565-570-2 |
| 050 ## - LIBRARY OF CONGRESS CALL NUMBER | |
| Classification number | TR(GS 372.6 |
| Item number | K63 1997 |
| 100 ## - MAIN ENTRY--PERSONAL NAME | |
| Personal name | Koerner, Julie |
| 245 ## - TITLE STATEMENT | |
| Title | Story starters: stories about animals / |
| Statement of responsibility, etc | written by Julie Koerner ; illustrated by Leo Abbett. |
| 260 ## - PUBLICATION, DISTRIBUTION, ETC. (IMPRINT) | |
| Place of publication, distribution, etc | Los Angeles : |
| Name of publisher, distributor, etc | Lowell House Juvenile, |
| Date of publication, distribution, etc | 1997. |
| 300 ## - PHYSICAL DESCRIPTION | |
| Extent | 62 p. ; ill. |
| 440 ## - SERIES STATEMENT/ADDED ENTRY--TITLE | |
| Title | Gifted & Talented Series |
| 520 ## - SUMMARY, ETC. | |
| Summary, etc | Gifted & Talented Story Starters: Stories About Animals will help develop your child's natural talents and gifts by providing story-telling and writing activties to enhance critical and creative thinking skills. These skills of logic and reasoning teach children how to think. |
| 650 ## - SUBJECT ADDED ENTRY--TOPICAL TERM | |
| Topical term or geographic name as entry element | Story telling activities |
| 650 ## - SUBJECT ADDED ENTRY--TOPICAL TERM | |
| Topical term or geographic name as entry element | Writing activities |
| Withdrawn status | Lost status | Damaged status | Home library | Current library | Shelving location | Date acquired | Source of acquisition | Total Checkouts | Full call number | Barcode | Date last seen | Price effective from | Koha item type |
|---|---|---|---|---|---|---|---|---|---|---|---|---|---|
| Elizalde Library | Elizalde Library | Teachers Reference Section | 03/26/2001 | TR(GS 372.6 K63 1997 | E3849 | 04/12/2014 | 04/12/2014 | Books |